Statistics for Tesla Models Quiz

Click here to take the quiz!

General Stats

  • This quiz has been taken 345 times
    (32 since last reset)
  • The average score is 5 of 5

Answer Stats

Model% Correct
Model X
100%
Model S
96%
Model Y
96%
Model 3
83%
Cybertruck
78%

Score Distribution

Percentile by Number Answered

Percent of People with Each Score

Your Score History

You have not taken this quiz since the last reset